Las rectificativas en menos. El error de cálculo en el siglo XXI (Registro nro. 14995)

Detalles MARC
000 -LEADER
fixed length control field 00389 a2200121 4500
001 - CONTROL NUMBER
control field ART_43382
005 - DATE AND TIME OF LATEST TRANSACTION
control field 20260410161659.0
008 - FIXED-LENGTH DATA ELEMENTS--GENERAL INFORMATION
fixed length control field 260409a
100 1# - MAIN ENTRY--PERSONAL NAME
Personal name Coronello, Silvina E.
245 10 - TITLE STATEMENT
Title Las rectificativas en menos. El error de cálculo en el siglo XXI
700 1# - ADDED ENTRY--PERSONAL NAME
Personal name Iglesias Araujo, Fabiana
773 0# - HOST ITEM ENTRY
Title Práctica profesional
Related parts - Nº 279 (feb. 2017)
Record control number REV542

No hay ítems disponibles.